02445nam a22003857a 45000010005000000030006000050050017000110080041000280200018000690400029000871000017001162450085001332500035002182600051002533000049003045050009003535200196003625210024005585210021005826000022006036500030006257000034006559420015006899990015007049520135007199520123008549520145009779520133011229520135012559520133013909520133015239520133016569520134017899520136019233340FISKH20250815160931.0240228b cb ||||| |||| 00| 0 eng d a9789814281218 aFISKHbengcFISKHdFISKH aGiles, Jenny aThe boy who cried wolf /cRetold by Jenny Giles ; illustrated by Naomi C. Lewis  aThis edition published in 1998 aNew Tech Park: bCengage Learning Asia, c1998 a32 pages : bcolor illustrations ;c22 cm .  aM  aAesop, the teller of fables, was born in Thrace (Northern Greece) in the 6th century BC. The illustrator has moved the story closer to the present day. Set in the Balkans in the 18th century.8 a540 bLexile 8 aM bRaz-Plus  2 fablesvfolktale aFables and TalesvFiction aLewis, Naomi C.eillustrator  2ddccBKn0 c3340d3340 00102ddc40708JUVFa001b001cTTPd2024-02-28l1oGIL 398.20938pFISBK05012r2024-03-12 11:26:33s2024-03-05t1w2024-02-28yBK 00102ddc40708JUVFa001b001cTTPd2024-02-28l0oGIL 398.20938pFISTK00873r2024-03-01 14:02:01t2w2024-02-28yBK 00102ddc40708JUVFa001b001cTK Yellowd2024-08-01l1oGIL 398.20938 PZ7pFISTK04125r2024-08-19 07:36:51s2024-08-01t3w2024-08-01yBK 00102ddc40708JUVFa002b002cTTP Yellow d2025-06-23l0oGIL 398.20938 PZ7pFIS04883r2025-06-23 09:31:22t4w2025-06-23yBK 00102ddc40708JUVFa002b002cTTP Yellow d2025-06-23l0oGIL 398.20938 PZ7pFISBK05050r2025-06-23 10:28:41t5w2025-06-23yBK 00102ddc40708JUVFa002b002cTTP Yellow d2025-06-23l0oGIL 398.20938 PZ7pFIS02263r2025-06-23 10:29:00t6w2025-06-23yBK 00102ddc40708JUVFa002b002cTTP Yellow d2025-06-23l0oGIL 398.20938 PZ7pFIS04854r2025-06-23 10:29:25t7w2025-06-23yBK 00102ddc40708JUVFa002b002cTTP Yellow d2025-06-23l0oGIL 398.20938 PZ7pFIS02247r2025-06-23 16:20:59t8w2025-06-23yBK 00102ddc40708JUVFa002b002cTTP Yellow d2025-07-24l0oGIL 398.20938 PZ7p2025-2817r2025-07-24 14:35:26t9w2025-07-24yBK 00102ddc40708JUVFa002b002cTTP Yellow d2025-08-15l0oGIL 398.20938 PZ7pFISTK04126r2025-08-15 16:09:29t10w2025-08-15yBK